| 000 | 01337nam a2200229Ia 4500 | ||
|---|---|---|---|
| 003 | Ost | ||
| 005 | 20260507075647.0 | ||
| 008 | 260507s9999||||xx |||||||||||||| ||und|| | ||
| 020 | _a1569249960 | ||
| 040 | _cfsecg | ||
| 041 | _aara | ||
| 082 | _a382.92 | ||
| 100 |
_aلال داس، بهاجيراث _eمؤلف |
||
| 245 | 0 |
_aاتفاقيات منظمة التجارة العالمية : _bالمطالب والإختلالات والتغيرات اللازمة / _c بهاجيراث لال داس |
|
| 260 |
_aالرياض: _bدار المريخ للنشر, _c2005 |
||
| 300 |
_a188 صفحة؛ _bإيضاحات ؛ _c21 سم |
||
| 520 | _aالإختلالات الرئيسية في نتائج جولة الأورجواي- مسألة انقاذ الحقوق والإلتزامات- النفاذ الى السوق- التدابير التجارية الطارئة- تدابير في مواجهة الممارسات التجارية غي العادية- اتفاقيات في قطاعات بعينها- مسائل تقليدية- بعض القواعد الأخرى- ملخص لأهم المظاهر الإجابية والمثالب والتغيرات. | ||
| 653 | _aالإتفاقيات | ||
| 653 | _aمنظمة التجارة العالمية | ||
| 700 |
_aعبد السلام، رضا _eمؤلف ثانوي |
||
| 942 | _cكتاب | ||
| 999 |
_c45523 _d45523 |
||